| 000 | 00327nam a22001217a 4500 | ||
|---|---|---|---|
| 003 | SGT | ||
| 082 |
_a347.05 _bBAN |
||
| 100 | _aBANERJEE , B P | ||
| 245 | _aGUIDE TO SECURITISATION RECONSTRUCTION OF FINANCIAL ASSETS AND ENFORCEMENT OF SECURITY INTERESTS | ||
| 260 |
_aNAGPUR _bWADHWA _c2003 |
||
| 300 | _a1044 | ||
| 942 |
_2ddc _cBK |
||
| 999 |
_c25151 _d25151 |
||